Senda erótica (Record no. 102810)

MARC details
000 -LEADER
campo de control de longitud fija 00530nam a2200169 i 4500
001 - NÚMERO DE CONTROL
campo de control 102810
003 - IDENTIFICADOR DE NÚMERO DE CONTROL
campo de control ES-MaACL
005 - FECHA Y HORA DE LA ÚLTIMA TRANSACCIÓN
campo de control 20230906183205.0
007 - CAMPO FIJO DE DESCRIPCIÓN FÍSICA--INFORMACIÓN GENERAL
campo de control de longitud fija t|
008 - DATOS DE LONGITUD FIJA--INFORMACIÓN GENERAL
campo de control de longitud fija 051209s1938 pr ||||1| spa d
080 ## - NÚMERO DE LA CLASIFICACIÓN DECIMAL UNIVERSAL
Número de la Clasificación Decimal Universal 821.134.2(729.5)-14"19"
100 1# - ENTRADA PRINCIPAL--NOMBRE DE PERSONA
Nombre de persona Soto Rodríguez, Manuel.
9 (RLIN) 107530
245 10 - MENCIÓN DEL TÍTULO
Título Senda erótica
Resto del título : poemas en cuerda eterea /
Mención de responsabilidad, etc. Manuel Soto Rodríguez.
260 ## - PUBLICACIÓN, DISTRIBUCIÓN, ETC.
Lugar de publicación, distribución, etc. San Juan Bautista de Puerto Rico :
Nombre del editor, distribuidor, etc. [s.n.,
Fecha de publicación, distribución, etc. 1938]
300 ## - DESCRIPCIÓN FÍSICA
Extensión 36 p. :
Otras características físicas 1 retr. ;
Dimensiones 22 cm.
852 ## - LOCALIZACIÓN
Ubicación ES-MaACL
Número de control de estantería 2199-F-28
Sublocalización o colección R.136964
Holdings
Estatus retirado Estado de pérdida Estado de daño No para préstamo Colección Biblioteca de origen Biblioteca actual Ubicación en estantería Fecha de adquisición Fuente de adquisición Total de préstamos Signatura topográfica completa Código de barras Visto por última vez Precio de reemplazo Tipo de ítem Koha
        Colección de folletos Biblioteca del Ateneo de Madrid Biblioteca del Ateneo de Madrid Depósito folletos 17/01/2008     2199-F-28 1107320 23/02/2023 23/02/2023 Folleto